000
00430nam a22001097a 4500
082
_a
080
100
_a
मण्डल,विकास अध्ययन
_9
83396
245
_a
अच्छा बोलने की कला और कामयाबी
260
_a
नयी दिल्ली
_b
अरूणोदय प्रकाशन
_c
2025
650
_a
सामान्य वर्ग
942
_c
HIN
999
_c
68284
_d
68284